Normal view MARC view

Entry Nombre corporativo

Number of records used in: 1

001 - NÚMERO DE CONTROL

  • campo de control: 111700

003 - IDENTIFICADOR DE NÚMERO DE CONTROL

  • campo de control: OSt

005 - FECHA Y HORA DE LA ÚLTIMA TRANSACCIÓN

  • campo de control: 20260428104320.0

008 - ELEMENTOS DE DATO DE LONGITUD-FIJA

  • campo de control de longitud fija: 260428|| aca||aabn | a|a d

024 7# - IDENTIFICADOR DE OTROS ESTÁNDARES

  • Fuente: Wikidata
  • Número estándar o código: Q1517058

040 ## - FUENTE DE CATALOGACIÓN

  • Centro catalogador/agencia de origen: M-RABA

110 2# - ENCABEZAMIENTO-NOMBRE DE ENTIDAD CORPORATIVA

  • Nombre de entidad corporativa o nombre de jurisdicción como elemento de entrada: Monasterio de San Salvador (Ourense)

410 2# - TRAZADO DE VÉASE--NOMBRE DE ENTIDAD CORPORATIVA

  • Nombre de entidad corporativa o nombre de jurisdicción como elemento de entrada: Convento de Celanova (Ourense)

670 ## - FUENTE DE DATOS ENCONTRADOS

  • Cita de la fuente: WWW Wikidata, 28/04/2026
  • Información encontrada: (Monasterio de San Salvador)

670 ## - FUENTE DE DATOS ENCONTRADOS

  • Cita de la fuente: [Ourense : Convento de Celanova], 1902
  • Información encontrada: (Convento de Celanova)

Powered by Koha